Azja - Quiz dla klasy 8 - Statystyki

Ogólne statystyki
  • Ten quiz został rozwiązany 1 430 razy
  • Średni wynik to 11 z 20
Statystyki odpowiedzi
Zagadnienie Odpowiedź % Poprawnych
Najwyższym szczytem świata jest Mount Everest. Położony jest on w Azji w paśmie: Himalajów
92%
Na którym z poniższych zdjęć przedstawiono uprawę najważniejszej rośliny żywieniowej Azji Południowo-Wschodniej?
80%
Dyscyplina, wytrwałość, lojalność, honor oraz pracowitość to narodowe cechy: Japończyków
78%
Taniec Smoka to jeden z obrzędów obchodzonych w: Chinach
75%
Pustynie i półpustynie stanowią znaczą część powierzchni: Bliskiego Wschodu
73%
Cztery główne wyspy Japonii to: Honsiu, Kiusiu, Sikoku, Hokkaido
68%
Na którym z poniższych zdjęć przedstawiono najwyższy szczyt Japonii - wulkan Fudżi?
59%
Bardzo korzystne warunki do prowadzenia działalności rolniczej występują: na Półwyspie Indochińskim
59%
Na którym z poniższych zdjęć przedstawiono pewne indyjskie mauzoleum położone w mieście Agra?
57%
Najwyższe łańcuchy górskie Azji, czyli Himalaje, Karakorum, Tien-Szan i Hindukusz powstały w orogenezie: alpejskiej
52%
W Azji znajduje się także najgłębsza depresja. Jest nią: wybrzeże Morza Martwego
51%
Około połowy światowej produkcji bawełny pochodzi z: Indii i Chin
50%
Jednym z najważniejszych problemów demograficznych Chin jest: szybkie starzenie się społeczeństwa
43%
Na którym z poniższych zdjęć przedstawiono trzecią co do wielkości największą wyspę świata?
41%
Na kontynencie azjatyckim położony jest najludniejszy kraj świata, czyli: Chiny
41%
Chiny posiadają ponad połowę: światowego pogłowia trzody chlewnej
41%
Jezioro Bajkał jest: największą kryptodepresją na świecie
34%
Powierzchnia Azji wynosi 44,4 mln km2, co stanowi prawie: 30% powierzchni wszystkich lądów na Ziemi
33%
W Japonii dominuje przemysł: przetwórczy
22%
Indie to państwo: w którym jednym z języków urzędowych jest język bengalski
19%
Nie znaleziono quizów pasujących do podanych kryteriów
Rozkład punktacji
Procent ludzi z każdym wynikiem
Percentyl według liczby udzielonych odpowiedzi
Twoja historia wyników
Nie rozwiązałeś tego quizu